| 000 | 00551nam a2200181 u 4500 | ||
|---|---|---|---|
| 001 | 000648924 | ||
| 003 | AM-YeHGA | ||
| 005 | 20250617141118.0 | ||
| 008 | 090407s1963 ||| r 000 0 rus d | ||
| 040 | _aAM-YeHGA | ||
| 041 | 0 | _arus | |
| 100 | 1 | _aОстровой, Сергей Григорьевич | |
| 245 | 1 | 0 |
_aМать : _bПоэма / _cСергей Островой. |
| 260 |
_aМосква : _bМол. гвардия, _c1963. |
||
| 300 |
_a32 с. : _bил. |
||
| 653 | 0 | _aРусская советская поэзия | |
| 090 | _c234073 | ||
| 999 |
_c232517 _d232517 |
||